Mílovými kroky do 21. století Čínská ekonomika

Pozícia Číny vo svetovej ekonomike. Hospodárske reformy a liberalizácia - začiatok hospodárskeho rastu Číny (1978). HDP, zahraničný obchod, vývoz, reformy v poľnohospodárstve, zahraničné investície. Prekážky hospodárskeho rastu - dopravná infraštruktúra, finančná infraštruktúra, ekologické problémy,...

Descrizione completa

Salvato in:
Dettagli Bibliografici
Natura: Capitolo di libro
Lingua:ceco
Soggetti:
Tags: Aggiungi Tag
Nessun Tag, puoi essere il primo ad aggiungerne!!

MARC

LEADER 00000naa a2200000 4500
001 r022166
005 20230920093230.7
041 0 |a cze 
044 |a CZ 
245 1 0 |a Mílovými kroky do 21. století  |b Čínská ekonomika 
520 |a Pozícia Číny vo svetovej ekonomike. Hospodárske reformy a liberalizácia - začiatok hospodárskeho rastu Číny (1978). HDP, zahraničný obchod, vývoz, reformy v poľnohospodárstve, zahraničné investície. Prekážky hospodárskeho rastu - dopravná infraštruktúra, finančná infraštruktúra, ekologické problémy, inštitucionálne otázky. Budúcnosť spracovateľského priemyslu. Čínska populácia a spotreba potravín. Rast dopytu po energii. Integrácia Číny do svetovej ekonomiky. 
610 2 0 |a vývoj hospodársky 
610 2 0 |a rast hospodársky 
610 2 0 |a reformy hospodárske 
610 2 0 |a produkt domáci hrubý 
610 2 0 |a obchod zahraničný 
610 2 0 |a vývoz 
610 2 0 |a investície zahraničné 
610 2 0 |a doprava 
610 2 0 |a politika finančná 
610 2 0 |a ekológia 
610 2 0 |a priemysel spracovateľský 
610 2 0 |a populácia 
610 2 0 |a spotreba potravín 
610 2 0 |a spotreba energie 
610 2 0 |a Čína